[Event "Paris-ch op-B 87th"]
[Site "Paris"]
[Date "2012.07.12"]
[Round "6"]
[White "Gutmann, Alois"]
[Black "Gidel, Jean Louis"]
[Result "0-1"]
[WhiteElo "2038"]
[BlackElo "2101"]
[PlyCount "166"]
[EventDate "2012.07.07"]
[EventType "swiss"]
[EventRounds "9"]
[EventCountry "FRA"]
[SourceTitle "EXT 2013"]
[Source "ChessBase"]
[SourceDate "2012.11.22"]
[SourceVersion "1"]
[SourceVersionDate "2012.11.22"]
[SourceQuality "1"]

1. b3 d5 2. Bb2 Bg4 3. d4 Nf6 4. Nd2 e6 5. Ngf3 Nbd7 6. g3 Be7 7. Bg2 0-0 8. 0-0 c6 9. Ne1 Bh5 10. Nd3 a5 11. Nf4 Bg6 12. Nxg6 hxg6 13. c4 a4 14. e4 dxe4 15. Nxe4 Nxe4 16. Bxe4 Nf6 17. Bg2 Qa5 18. bxa4 Qxa4 19. Qb3 Ra7 20. Bc3 Rc8 21. Rfb1 b5 22. d5 exd5 23. Bh3 Rb8 24. Be5 Rb6 25. Qe3 Rbb7 26. cxb5 Rxb5 27. Rxb5 cxb5 28. Rc1 Ra8 29. Rc7 Qa3 30. Bc3 Bd6 31. Rxf7 Kxf7 32. Qe6+ Kf8 33. Bxf6 gxf6 34. Qxf6+ Ke8 35. Qxg6+ Kd8 36. Qg8+ Kc7 37. Qf7+ Be7 38. Qxd5 Rd8 39. Qxb5 Qc1+ 40. Bf1 Qc5 41. Qe2 Rf8 42. Bh3 Qc1+ 43. Kg2 Qc6+ 44. f3 Bd6 45. Qd3 Qb6 46. Qc3+ Kb8 47. Be6 Re8 48. Bd7 Rd8 49. Bf5 Bb4 50. Qe5+ Bd6 51. Qc3 Bc7 52. Be4 Qb5 53. Bc6 Qe2+ 54. Kh3 Qe6+ 55. Kg2 Qxa2+ 56. Kh3 Qe6+ 57. Kg2 Qe2+ 58. Kh3 Bb6 59. Be4 Qb5 60. Kh4 Bd4 61. Qa3 Rh8+ 62. Kg4 Qh5+ 63. Kf4 Qh6+ 64. Kf5 Qh5+ 65. Ke6 Qe5+ 66. Kd7 Qc7+ 67. Ke6 Rh6+ 68. Kd5 Qd8+ 69. Kc4 Ba7 70. Qb2+ Bb6 71. Qg7 Qc7+ 72. Qxc7+ Kxc7 73. Kd5 Kd7 74. Bf5+ Ke7 75. Ke4 Rxh2 76. Kd5 Kf6 77. Be4 Bf2 78. Kd6 Bxg3+ 79. Kd5 Rd2+ 80. Kc4 Ke5 81. Kc3 Bf4 82. Kc4 Rd4+ 83. Kc5 Be3 0-1

[Event "Paris-ch op-B 87th"]
[Site "Paris"]
[Date "2012.07.08"]
[Round "2"]
[White "Hallay, Axel"]
[Black "Gidel, Jean Louis"]
[Result "1/2-1/2"]
[WhiteElo "1983"]
[BlackElo "2101"]
[PlyCount "119"]
[EventDate "2012.07.07"]
[EventType "swiss"]
[EventRounds "9"]
[EventCountry "FRA"]
[SourceTitle "EXT 2013"]
[Source "ChessBase"]
[SourceDate "2012.11.22"]
[SourceVersion "1"]
[SourceVersionDate "2012.11.22"]
[SourceQuality "1"]

1. d4 d5 2. c4 c6 3. Nf3 Nf6 4. Nc3 dxc4 5. a4 Bf5 6. e3 e6 7. Bxc4 Bb4 8. 0-0 0-0 9. Qe2 Bg4 10. h3 Bh5 11. Rd1 Qe7 12. e4 Nbd7 13. a5 Rac8 14. g4 Bg6 15. Bg5 h6 16. Bh4 e5 17. d5 Bxc3 18. bxc3 cxd5 19. Rxd5 Qe6 20. Rc5 Qd6 21. Rxc8 Rxc8 22. Nd2 Nc5 23. Bxf6 Qxf6 24. Bd5 Ne6 25. Bxe6 Qxe6 26. Qe3 Qa6 27. c4 f6 28. f3 Bf7 29. c5 Qb5 30. Rb1 Qxc5 31. Qxc5 Rxc5 32. Rxb7 Rxa5 33. Nf1 Ra1 34. Kf2 a5 35. Ra7 a4 36. Ne3 g6 37. Nd5 Bxd5 38. exd5 Rd1 39. Rxa4 Rxd5 40. Ke3 Rd7 41. f4 exf4+ 42. Kxf4 Kg7 43. h4 g5+ 44. hxg5 hxg5+ 45. Kf3 Kg6 46. Rb4 Rd3+ 47. Kg2 Kf7 48. Re4 Ra3 49. Kf2 Ra5 50. Kf3 f5 51. gxf5 Rxf5+ 52. Kg4 Kg6 53. Re6+ Rf6 54. Rxf6+ Kxf6 55. Kg3 Kg7 56. Kg4 Kg6 57. Kg3 Kh5 58. Kh3 g4+ 59. Kg3 Kg5 60. Kg2 1/2-1/2

[Event "Montigny le Bretonneux Noel op 14th"]
[Site "Montigny le Bretonneux"]
[Date "2011.12.29"]
[Round "5.1"]
[White "Msellek, Ilyass"]
[Black "Gidel, Jean Louis"]
[Result "1-0"]
[WhiteElo "2128"]
[BlackElo "2147"]
[PlyCount "55"]
[EventDate "2011.12.26"]
[EventType "swiss"]
[EventRounds "7"]
[EventCountry "FRA"]
[SourceTitle "EXT 2014"]
[Source "ChessBase"]
[SourceDate "2013.11.20"]
[SourceVersion "1"]
[SourceVersionDate "2013.11.20"]
[SourceQuality "1"]

1. e4 e6 2. d4 d5 3. e5 c5 4. c3 Qb6 5. Ne2 Bd7 6. g3 Bb5 7. Be3 Nc6 8. Qd2 Rc8 9. f4 Nh6 10. Bf2 Be7 11. Nc1 0-0 12. Bxb5 Qxb5 13. a4 Qb6 14. a5 Nxa5 15. dxc5 Qc7 16. Na3 b6 17. Nb5 Qd7 18. Nxa7 Rb8 19. cxb6 Nc4 20. Qe2 Nxb6 21. Qa6 d4 22. Bxd4 Qd5 23. 0-0 Bc5 24. Nb3 Bxd4+ 25. Nxd4 Nf5 26. Nac6 Qc5 27. Ra5 Ra8 28. Qxa8 1-0

[Event "Montigny le Bretonneux-A 9th"]
[Site "Montigny le Bretonneux"]
[Date "2010.10.28"]
[Round "6"]
[White "Kambrath, Yannick"]
[Black "Gidel, Jean Louis"]
[Result "1/2-1/2"]
[WhiteElo "2036"]
[BlackElo "2075"]
[PlyCount "141"]
[EventDate "2010.10.23"]
[EventType "tourn"]
[EventRounds "9"]
[EventCountry "FRA"]
[SourceTitle "EXT 2011"]
[Source "ChessBase"]
[SourceDate "2010.11.26"]
[SourceVersion "1"]
[SourceVersionDate "2010.11.26"]
[SourceQuality "1"]

1. d4 Nf6 2. c4 e6 3. Nf3 Bb4+ 4. Nbd2 0-0 5. e3 d5 6. Bd3 c5 7. 0-0 Nc6 8. a3 Bxd2 9. Bxd2 cxd4 10. exd4 dxc4 11. Bxc4 b6 12. Bg5 Bb7 13. Qd3 Ne7 14. Rfd1 Be4 15. Qe2 Bd5 16. Bd3 Ng6 17. Ne5 Bb3 18. Rd2 Qd6 19. Bxf6 gxf6 20. Ng4 Qf4 21. g3 Qg5 22. h4 Nxh4 23. gxh4 Qxh4 24. f3 f5 25. Qe5 f6 26. Qh2 Qxh2+ 27. Nxh2 Rad8 28. Be2 Rd6 29. Bd1 Bd5 30. Bc2 Rfd8 31. Rad1 Kf7 32. Kf2 Bc4 33. f4 Rg8 34. Rg1 Rdd8 35. Rdd1 Rg6 36. Rxg6 hxg6 37. Nf3 Rh8 38. Bd3 Bd5 39. Be2 Bxf3 40. Bxf3 g5 41. Rc1 Rh4 42. d5 Rxf4 43. Rc7+ Ke8 44. Ke3 exd5 45. Bxd5 Rh4 46. Rf7 Rh3+ 47. Kd4 Rh4+ 48. Kd3 Rh3+ 49. Kc4 Rh4+ 50. Kd3 Rh3+ 51. Kd4 Rh4+ 52. Kc3 Rh3+ 53. Kb4 Rh4+ 54. Kb5 Rd4 55. Be6 Rd6 56. Rxf6 Ke7 57. Rxf5 Kxe6 58. Rxg5 Rd7 59. Rh5 Kd6 60. Rh6+ Kd5 61. b4 Rc7 62. a4 Rd7 63. Rh8 a5 64. Rh5+ Kd6 65. Kxb6 axb4 66. Rh4 b3 67. Rd4+ Ke7 68. Rb4 Rd8 69. Kc7 Ra8 70. Kb7 Ra5 71. Rxb3 1/2-1/2

[Event "Orsay-B"]
[Site "Orsay"]
[Date "2009.02.15"]
[Round "1"]
[White "Gidel, Jean Louis"]
[Black "Baron, Daniel"]
[Result "1-0"]
[WhiteElo "2160"]
[BlackElo "2118"]
[PlyCount "79"]
[EventDate "2009.02.15"]
[EventType "tourn"]
[EventRounds "7"]
[EventCountry "FRA"]
[SourceTitle "CBM 129 Extra"]
[Source "ChessBase"]
[SourceDate "2009.05.05"]
[SourceVersion "2"]
[SourceVersionDate "2009.05.20"]
[SourceQuality "1"]

1. d4 d5 2. Nf3 Nf6 3. a3 c6 4. Bf4 Bf5 5. e3 e6 6. c4 Bd6 7. Bxd6 Qxd6 8. Nc3 Nbd7 9. Be2 0-0 10. Nh4 Bg6 11. c5 Qc7 12. Nxg6 hxg6 13. f4 Ne4 14. Nxe4 dxe4 15. 0-0 f5 16. Bc4 Rfe8 17. b4 Nf6 18. Qb3 Nd5 19. a4 a5 20. Bxd5 exd5 21. b5 Rab8 22. Rab1 Kf7 23. Rfc1 g5 24. fxg5 Kg6 25. Rf1 Kxg5 26. Qc3 Rh8 27. Rf4 b6 28. Rbf1 g6 29. Qe1 Rh5 30. Qg3+ Kh6 31. cxb6 Rxb6 32. Rc1 Qd6 33. bxc6 Rxc6 34. Rff1 Qd7 35. Qe5 Rxc1 36. Rxc1 Qxa4 37. Qf4+ Kg7 38. Rc7+ Kf6 39. h4 Qe8 40. Qd6+ 1-0

[Event "FRA-ch op-A"]
[Site "Aix les Bains"]
[Date "2007.08.14"]
[Round "1"]
[White "Gidel, Jean Louis"]
[Black "Douared, Jean Marc"]
[Result "0-1"]
[WhiteElo "2188"]
[BlackElo "2050"]
[PlyCount "66"]
[EventDate "2007.08.13"]
[EventType "swiss"]
[EventRounds "11"]
[EventCountry "FRA"]
[SourceTitle "CBM 120 Extra"]
[Source "ChessBase"]
[SourceDate "2007.11.01"]
[SourceVersion "1"]
[SourceVersionDate "2007.11.01"]
[SourceQuality "1"]

1. g3 g6 2. Bg2 Bg7 3. c4 c6 4. Nc3 Nf6 5. e4 e5 6. Nge2 Na6 7. 0-0 0-0 8. d3 Nc7 9. f4 d6 10. h3 b5 11. cxb5 cxb5 12. d4 b4 13. dxe5 dxe5 14. fxe5 Nd7 15. Nd5 Nxd5 16. exd5 Nxe5 17. Nf4 Ba6 18. Re1 Nc4 19. Rb1 Qb6+ 20. Kh2 Rae8 21. b3 Qf2 22. Rxe8 Rxe8 23. bxc4 Re1 24. Be3 Rxd1 25. Bxf2 Rxb1 26. d6 Bxc4 27. Bxa7 Bxa2 28. d7 Bf6 29. Nd5 Bxd5 30. Bxd5 Rd1 31. Bc4 Rd2+ 32. Kh1 Rxd7 33. Be3 b3 0-1

[Event "Montigny le Bretonneux Noel op 09th"]
[Site "Montigny le Bretonneux"]
[Date "2006.12.27"]
[Round "7"]
[White "Gidel, Jean Louis"]
[Black "Imbert, Christophe"]
[Result "1-0"]
[WhiteElo "2175"]
[BlackElo "2129"]
[PlyCount "115"]
[EventDate "2006.12.27"]
[EventType "swiss"]
[EventRounds "7"]
[EventCountry "FRA"]
[SourceTitle "CBM 116 Extra"]
[Source "ChessBase"]
[SourceDate "2007.03.07"]
[SourceVersion "1"]
[SourceVersionDate "2007.03.07"]
[SourceQuality "1"]

1. c4 Nf6 2. g3 g6 3. Bg2 Bg7 4. Nc3 d6 5. d3 0-0 6. e4 e5 7. Nge2 c6 8. 0-0 Nbd7 9. h3 Nc5 10. Be3 Qe8 11. f4 Nfd7 12. f5 Rb8 13. b4 Na6 14. a3 Nc7 15. Bxa7 Ra8 16. Be3 gxf5 17. exf5 Nf6 18. g4 h6 19. Ng3 Kh7 20. h4 d5 21. g5 Rg8 22. Bb6 Nd7 23. Bxc7 e4 24. f6 Bf8 25. Nf5 Ne5 26. dxe4 Bxf5 27. Rxf5 Nxc4 28. Bf4 d4 29. Qxd4 Nxa3 30. Rd1 Nc2 31. Qd7 Bxb4 32. Qxe8 Rgxe8 33. Ne2 Red8 34. Rxd8 Rxd8 35. gxh6 Rd1+ 36. Kh2 Re1 37. Ng3 Nd4 38. Rg5 Ne6 39. Rg4 Bc3 40. Bd6 Bxf6 41. Nh5 Bd4 42. Bf3 Kxh6 43. Nf4 Bc5 44. Bxc5 Nxc5 45. Ng2 Rf1 46. Kg3 Ne6 47. Ne3 Rb1 48. Nf5+ Kh7 49. e5 Rb3 50. Nd6 Nd8 51. Kf2 Rb2+ 52. Ke3 Rb3+ 53. Ke2 Rb2+ 54. Kd1 Rf2 55. Be4+ Kh8 56. Ke1 Rh2 57. Bg2 Kh7 58. Kf2 1-0

[Event "Champigny sur Marne op 6th"]
[Site "Champigny sur Marne"]
[Date "2006.02.19"]
[Round "5"]
[White "Gidel, Jean Louis"]
[Black "Hoareau, Hugues"]
[Result "1-0"]
[WhiteElo "2181"]
[BlackElo "2033"]
[PlyCount "73"]
[EventDate "2006.02.16"]
[EventType "swiss"]
[EventRounds "6"]
[EventCountry "FRA"]
[SourceTitle "EXT 2007"]
[Source "ChessBase"]
[SourceDate "2006.11.23"]
[SourceVersion "1"]
[SourceVersionDate "2006.11.23"]
[SourceQuality "1"]

1. c4 c5 2. g3 e5 3. Bg2 f5 4. e3 Nc6 5. Ne2 Nf6 6. Nbc3 d6 7. 0-0 h5 8. h4 Be6 9. Nd5 Bxd5 10. cxd5 Ne7 11. Nc3 Ng6 12. d4 b6 13. Qd3 e4 14. Qb5+ Kf7 15. f3 Nxh4 16. gxh4 g6 17. fxe4 Ng4 18. exf5 Qxh4 19. fxg6+ Kxg6 20. Qd3+ Kg7 21. Rf4 Qh2+ 22. Kf1 Be7 23. Qe2 Bg5 24. Bf3 Bxf4 25. exf4 Rae8 26. Qg2 Qh4 27. Bd2 Kf8 28. Bxg4 hxg4 29. Ne2 Rg8 30. dxc5 bxc5 31. Ng3 Qh7 32. f5 Qb7 33. Qh2 Qxd5 34. Qh6+ Ke7 35. Qh7+ Kf6 36. Nh5+ Ke5 37. Bc3+ 1-0

[Event "Montigny le Bretonneux Noel op 08th"]
[Site "Montigny le Bretonneux"]
[Date "2005.12.31"]
[Round "7"]
[White "Gidel, Jean Louis"]
[Black "Legky, Nikolay A"]
[Result "0-1"]
[WhiteElo "2181"]
[BlackElo "2453"]
[PlyCount "80"]
[EventDate "2005.12.26"]
[EventType "swiss"]
[EventRounds "7"]
[EventCountry "FRA"]
[SourceTitle "CBM 110 Extra"]
[Source "ChessBase"]
[SourceDate "2006.03.10"]
[SourceVersion "2"]
[SourceVersionDate "2006.03.10"]
[SourceQuality "1"]

1. c4 e6 2. e4 d5 3. exd5 exd5 4. d4 Nf6 5. Nc3 Be7 6. cxd5 0-0 7. Bc4 Nbd7 8. Qb3 a6 9. a4 Nb6 10. Nge2 Nxc4 11. Qxc4 b5 12. Qb3 b4 13. Nd1 Qxd5 14. Qxd5 Nxd5 15. Ne3 Bb7 16. 0-0 Rfd8 17. Nxd5 Bxd5 18. Be3 Bc4 19. Rfe1 Bf6 20. Rac1 Bxe2 21. Rxe2 Bxd4 22. Bxd4 Rxd4 23. g3 Rd7 24. Rc6 Kf8 25. Re5 Re8 26. Rec5 Re2 27. Rxc7 Ke7 28. R7c6 Rd6 29. Rc2 Rxc2 30. Rxc2 Rd1+ 31. Kg2 Kd6 32. a5 Rb1 33. Kf3 b3 34. Rc4 Rxb2 35. Rb4 Kc5 36. Rb6 Kc4 37. Ke3 Ra2 38. Rxa6 b2 39. Rb6 Ra3+ 40. Kd2 Rb3 0-1

[Event "Montigny le Bretonneux Noel op 08th"]
[Site "Montigny le Bretonneux"]
[Date "2005.12.27"]
[Round "2"]
[White "Gidel, Jean Louis"]
[Black "Pantelic, Dimitry"]
[Result "1-0"]
[WhiteElo "2181"]
[BlackElo "1980"]
[PlyCount "77"]
[EventDate "2005.12.26"]
[EventType "swiss"]
[EventRounds "7"]
[EventCountry "FRA"]
[SourceTitle "CBM 110 Extra"]
[Source "ChessBase"]
[SourceDate "2006.03.10"]
[SourceVersion "2"]
[SourceVersionDate "2006.03.10"]
[SourceQuality "1"]

1. c4 c5 2. g3 Nc6 3. Bg2 d6 4. Nc3 g6 5. d3 Bg7 6. e4 Nf6 7. Nge2 0-0 8. 0-0 e6 9. h3 a6 10. f4 Nd4 11. Nxd4 cxd4 12. Ne2 e5 13. f5 Nd7 14. Kh2 h6 15. h4 Kh7 16. b4 a5 17. b5 Nc5 18. Bh3 b6 19. Ng1 f6 20. fxg6+ Kxg6 21. Bf5+ Bxf5 22. Rxf5 Kh7 23. Ba3 Ra7 24. Bxc5 dxc5 25. Qf3 Raf7 26. Rf1 Qe8 27. Nh3 Bh8 28. Nf2 Bg7 29. a4 Kg8 30. Ng4 Qe7 31. Kg2 Qe6 32. Kf2 Kh7 33. Ke2 Kg6 34. h5+ Kh7 35. Nxe5 Rc7 36. Ng6 Rff7 37. Nf4 Qxf5 38. exf5 Rfe7+ 39. Ne6 1-0